Statistics for Kpop Quiz.Round 1

Click here to take the quiz!

General Stats

  • This quiz has been taken 567 times
  • The average score is 12 of 42

Answer Stats

Hint Answer % Correct
Girls Girls GirlsGot7
78%
Run Devil RunGirl's Generation
71%
No More DreamBts
70%
ReplayShinee
58%
SomethingGirls Day
56%
Hu aboFx
52%
Why So SeriousShinee
48%
ExpectationGirl's Day
46%
Lovey DoveyT-ara
42%
JackpotBlock B
39%
Let Me KnowBTS
38%
Beep BeepBtob
38%
Let Out The BeastExo
37%
Beautiful NightBeast
37%
Mona LisaMblaq
33%
Catch MeTvxq
32%
watcha doing4Minute
29%
Miss RightTeen Top
29%
Smoky GirlMblaq
29%
SUPERHEROVIXX
26%
Last FarewellBigbang
26%
The BoyGirl's Generation
26%
Rock Your BodyVIXX
23%
Cry CryT-ara
22%
MysteryBeast
22%
Can't StopCn.Blue
21%
Stop ItB.A.P
20%
My MyApink
19%
TwinsSuper Junior
19%
It's YouSuper Junior
17%
SpellBoundTvxq
17%
Beautiful HangoverBigBang
17%
AngelExo
14%
Be The LightBlock B
12%
Excuse meB.A.P
4%
L.O.V.ESuper Junior
3%
Get OutJYJ
3%
RichEpik High
2%
Just UsJYJ
2%
Hot Body4Minute
1%
Life is So GoodEpik High
1%
RoutineAfter School
0%

Score Distribution

Percentile by Number Answered

Percent of People with Each Score

Your Score History

You have not taken this quiz